[Event "Campeonato España Sub 10"]
[Site "Salobreña"]
[Date "2017.07.08"]
[Round "9"]
[White "Ermachenko, Manuel"]
[Black "Bellver Gorshenin, Maxim"]
[Result "1-0"]
[Board "4"]
[WhiteClock "1:30"]
[WhiteElo "1678"]
[WhiteCountry "ESP"]
[WhiteFideId "24560952"]
[WhiteEloChange "8"]
[BlackClock "1:30"]
[BlackElo "1595"]
[BlackCountry "ESP"]
[BlackFideId "24538671"]
[BlackEloChange "-8"]

1. e4 {[%clk 1:30:00]} e5 {[%clk 1:30:00]} 2. Nf3 {[%clk 1:31:00]} Nc6 {[%clk
1:31:00]} 3. Bb5 {[%clk 1:31:00]} a6 {[%clk 1:31:00]} 4. Ba4 {[%clk 1:31:00]} Nf6
{[%clk 1:29:30]} 5. O-O {[%clk 1:32:00]} Be7 {[%clk 1:30:00]} 6. d3 {[%clk
1:32:00]} b5 {[%clk 1:28:30]} 7. Bb3 {[%clk 1:32:00]} d6 {[%clk 1:29:00]} 8. c3
{[%clk 1:33:00]} Na5 {[%clk 1:29:00]} 9. Bc2 {[%clk 1:33:00]} c5 {[%clk 1:28:30]}
10. Nbd2 {[%clk 1:32:29]} O-O {[%clk 1:28:00]} 11. Re1 {[%clk 1:34:00]} Re8
{[%clk 1:27:29]} 12. Nf1 {[%clk 1:34:00]} Bf8 {[%clk 1:26:00]} 13. Ng3 {[%clk
1:33:00]} g6 {[%clk 1:25:00]} 14. Nf1 {[%clk 1:34:00]} Be6 {[%clk 1:20:00]} 15.
Bg5 {[%clk 1:30:00]} Bg7 {[%clk 1:19:00]} 16. Ne3 {[%clk 1:29:29]} h6 {[%clk
1:16:00]} 17. Bh4 {[%clk 1:31:00]} Qc7 {[%clk 1:12:00]} 18. Qe2 {[%clk 1:26:00]}
Nc6 {[%clk 1:03:00]} 19. a4 {[%clk 1:26:00]} Nh5 {[%clk 0:59:00]} 20. Bg3 {[%clk
1:23:00]} Nxg3 {[%clk 0:56:00]} 21. hxg3 {[%clk 1:23:00]} Na5 {[%clk 0:52:00]}
22. Nd2 {[%clk 1:18:00]} Rab8 {[%clk 0:49:00]} 23. axb5 {[%clk 1:12:00]} axb5
{[%clk 0:48:30]} 24. f4 {[%clk 1:10:00]} exf4 {[%clk 0:48:00]} 25. gxf4 {[%clk
1:11:00]} b4 {[%clk 0:47:00]} 26. Nd1 {[%clk 1:08:00]} b3 {[%clk 0:38:00]} 27.
Bb1 {[%clk 1:09:00]} Ra8 {[%clk 0:33:00]} 28. Ne3 {[%clk 1:05:00]} d5 {[%clk
0:27:00]} 29. exd5 {[%clk 0:57:00]} Bxd5 {[%clk 0:24:00]} 30. Qf2 {[%clk
0:56:00]} Be6 {[%clk 0:23:00]} 31. Nef1 {[%clk 0:52:00]} Bf5 {[%clk 0:18:14]} 32.
Ne4 {[%clk 0:49:00]} Bxe4 {[%clk 0:16:42]} 33. dxe4 {[%clk 0:50:00]} Nc4 {[%clk
0:14:51]} 34. Bd3 {[%clk 0:49:00]} Nb6 {[%clk 0:12:45]} 35. e5 {[%clk 0:48:00]}
c4 {[%clk 0:12:01]} 36. Be4 {[%clk 0:49:00]} Rad8 {[%clk 0:11:21]} 37. Red1
{[%clk 0:48:00]} Bf8 {[%clk 0:09:05]} 38. Qh4 {[%clk 0:47:00]} Rxd1 {[%clk
0:08:34]} 39. Rxd1 {[%clk 0:47:00]} Na4 {[%clk 0:07:46]} 40. Rd2 {[%clk 0:46:00]}
Qb6+ {[%clk 0:05:53]} 41. Kh1 {[%clk 0:47:00]} Nc5 {[%clk 0:05:17]} 42. Bd5
{[%clk 0:46:00]} Bg7 {[%clk 0:04:20]} 43. Ne3 {[%clk 0:44:00]} Qa7 {[%clk
0:02:18]} 44. Nxc4 {[%clk 0:43:32]} Qa1+ {[%clk 0:02:08]} 45. Kh2 {[%clk
0:43:32]} Na6 {[%clk 0:01:20]} 46. Qg4 {[%clk 0:43:01]} Nc7 {[%clk 0:00:53]} 47.
Bc6 {[%clk 0:43:01]} Re6 {[%clk 0:00:59]} 48. Bf3 {[%clk 0:43:00]} Qa6 {[%clk
0:00:58]} 49. Be2 {[%clk 0:43:00]} Qb7 {[%clk 0:00:53]} 50. Nd6 {[%clk 0:43:00]}
Qc6 {[%clk 0:00:58]} 51. Bc4 {[%clk 0:42:00]} Rxd6 {[%clk 0:00:56]} 52. exd6
{[%clk 0:43:00]} Qxc4 {[%clk 0:01:08]} 53. dxc7 {[%clk 0:42:00]} Qxc7 {[%clk
0:01:27]} 54. g3 {[%clk 0:42:00]} Qb7 {[%clk 0:01:28]} 55. Qe2 {[%clk 0:41:29]}
Qa7 {[%clk 0:00:55]} 56. Rd1 {[%clk 0:40:59]} Qa2 {[%clk 0:01:04]} 57. Rc1 {[%clk
0:40:59]} Qa7 {[%clk 0:01:09]} 58. c4 {[%clk 0:40:59]} Qd4 {[%clk 0:01:03]} 59.
c5 {[%clk 0:40:59]} Qb4 {[%clk 0:00:59]} 60. c6 {[%clk 0:40:59]} Qa5 {[%clk
0:01:09]} 61. c7 {[%clk 0:40:59]} 1-0

[Event "Campeonato España Sub 10"]
[Site "Salobreña"]
[Date "2017.07.08"]
[Round "9"]
[White "Fernandez Rosado, Roberto"]
[Black "Vergara Anton, Diego"]
[Result "1/2-1/2"]
[Board "5"]
[WhiteClock "n/a"]
[WhiteElo "1436"]
[WhiteCountry "ESP"]
[WhiteFideId "24594016"]
[WhiteEloChange "5"]
[BlackClock "n/a"]
[BlackElo "1628"]
[BlackCountry "ESP"]
[BlackFideId "24524310"]
[BlackEloChange "-5"]

1. e4 {[%clk 1:30:30]} e6 {[%clk 1:30:30]} 2. d4 {[%clk 1:30:30]} d5 {[%clk
1:30:00]} 3. exd5 {[%clk 1:30:30]} exd5 {[%clk 1:30:00]} 4. c4 {[%clk 1:30:30]}
dxc4 {[%clk 1:27:30]} 5. Bxc4 {[%clk 1:30:00]} Nf6 {[%clk 1:27:30]} 6. Nc3 {[%clk
1:29:30]} Bd6 {[%clk 1:27:00]} 7. Nge2 {[%clk 1:29:00]} O-O {[%clk 1:26:30]} 8.
O-O {[%clk 1:29:00]} Nbd7 {[%clk 1:20:59]} 9. h3 {[%clk 1:26:30]} Nb6 {[%clk
1:19:30]} 10. Bb3 {[%clk 1:25:00]} Bf5 {[%clk 1:18:00]} 11. Bg5 {[%clk 1:23:30]}
Be7 {[%clk 1:13:30]} 12. Ng3 {[%clk 1:23:00]} Bg6 {[%clk 1:13:00]} 13. Be3 {[%clk
1:22:29]} Qd7 {[%clk 1:06:30]} 14. Qe2 {[%clk 1:20:59]} Rfe8 {[%clk 1:06:01]} 15.
Rfe1 {[%clk 1:19:29]} Bd6 {[%clk 1:04:31]} 16. Qf3 {[%clk 1:18:59]} Bxg3 {[%clk
0:58:00]} 17. Qxg3 {[%clk 1:18:29]} c6 {[%clk 0:54:30]} 18. Rad1 {[%clk 1:15:00]}
Nbd5 {[%clk 0:46:59]} 19. Nxd5 {[%clk 1:11:30]} Nxd5 {[%clk 0:46:59]} 20. Kh1
{[%clk 1:11:00]} Nxe3 {[%clk 0:45:30]} 21. fxe3 {[%clk 1:11:00]} Be4 {[%clk
0:42:01]} 22. Rf1 {[%clk 1:08:28]} Bd5 {[%clk 0:40:32]} 23. Bxd5 {[%clk 1:04:57]}
cxd5 {[%clk 0:40:02]} 24. Rc1 {[%clk 1:04:57]} Re7 {[%clk 0:39:32]} 25. Rc3
{[%clk 1:03:26]} Rc8 {[%clk 0:38:03]} 26. Rfc1 {[%clk 1:03:26]} Rxc3 {[%clk
0:34:32]} 27. Rxc3 {[%clk 1:03:26]} h6 {[%clk 0:33:03]} 28. Qb8+ {[%clk 1:02:57]}
Kh7 {[%clk 0:32:32]} 29. Qxa7 {[%clk 1:02:57]} Qf5 {[%clk 0:31:03]} 30. Qa3
{[%clk 1:02:27]} Re6 {[%clk 0:30:32]} 31. Qb3 {[%clk 1:01:56]} Rg6 {[%clk
0:30:02]} 32. Qc2 {[%clk 1:00:27]} Qe6 {[%clk 0:28:32]} 33. a3 {[%clk 0:58:57]}
Qa6 {[%clk 0:24:02]} 34. Qd3 {[%clk 0:58:27]} Qf6 {[%clk 0:24:02]} 35. Qc2 {[%clk
0:57:57]} Qf1+ {[%clk 0:24:02]} 36. Kh2 {[%clk 0:57:57]} h5 {[%clk 0:21:32]} 37.
Rc7 {[%clk 0:56:27]} Kh6 {[%clk 0:18:03]} 38. Rxb7 {[%clk 0:54:56]} 1/2-1/2

[Event "Campeonato España Sub 10"]
[Site "Salobreña"]
[Date "2017.07.08"]
[Round "9"]
[White "Diaz Medina, Angelo"]
[Black "Villagordo Espinosa, Carlos"]
[Result "1-0"]
[Board "6"]
[WhiteClock "1:30"]
[WhiteElo "1378"]
[WhiteCountry "ESP"]
[WhiteFideId "24562432"]
[WhiteEloChange "14"]
[BlackClock "1:30"]
[BlackElo "1527"]
[BlackCountry "ESP"]
[BlackFideId "24528943"]
[BlackEloChange "-14"]

1. e4 {[%clk 1:30:00]} c5 {[%clk 1:30:00]} 2. Nf3 {[%clk 1:31:00]} d6 {[%clk
1:31:00]} 3. d4 {[%clk 1:31:00]} cxd4 {[%clk 1:31:00]} 4. Nxd4 {[%clk 1:31:00]}
Nf6 {[%clk 1:32:00]} 5. Nc3 {[%clk 1:32:00]} g6 {[%clk 1:32:00]} 6. Bc4 {[%clk
1:32:00]} Bg7 {[%clk 1:32:00]} 7. Be3 {[%clk 1:31:00]} O-O {[%clk 1:33:00]} 8. f3
{[%clk 1:30:30]} Nc6 {[%clk 1:33:00]} 9. Qd2 {[%clk 1:32:00]} Bd7 {[%clk
1:33:00]} 10. O-O-O {[%clk 1:31:30]} Rc8 {[%clk 1:32:00]} 11. Bb3 {[%clk
1:31:30]} Ne5 {[%clk 1:33:00]} 12. Kb1 {[%clk 1:31:00]} a5 {[%clk 1:32:00]} 13.
a3 {[%clk 1:30:00]} Nc4 {[%clk 1:30:00]} 14. Bxc4 {[%clk 1:30:00]} Rxc4 {[%clk
1:31:00]} 15. b3 {[%clk 1:29:30]} Rc7 {[%clk 1:30:00]} 16. h4 {[%clk 1:31:00]} h5
{[%clk 1:29:30]} 17. g4 {[%clk 1:30:00]} Qb8 {[%clk 1:28:00]} 18. Rdg1 {[%clk
1:28:00]} b5 {[%clk 1:26:00]} 19. gxh5 {[%clk 1:27:30]} Nxh5 {[%clk 1:25:29]} 20.
Nd5 {[%clk 1:24:00]} Ra7 {[%clk 1:25:00]} 21. Nxe7+ {[%clk 1:22:00]} Kh7 {[%clk
1:24:00]} 22. Ndc6 {[%clk 1:22:00]} Qb7 {[%clk 1:23:30]} 23. Nxa7 {[%clk
1:21:00]} b4 {[%clk 1:23:00]} 24. a4 {[%clk 1:20:29]} Bxa4 {[%clk 1:23:00]} 25.
Qxd6 {[%clk 1:13:00]} Qd7 {[%clk 1:17:00]} 26. Qxd7 {[%clk 1:11:00]} Bxd7 {[%clk
1:17:00]} 27. Nac6 {[%clk 1:10:29]} Ra8 {[%clk 1:14:00]} 28. Rd1 {[%clk 1:09:00]}
Bxc6 {[%clk 1:12:00]} 29. Nxc6 {[%clk 1:07:00]} Ng3 {[%clk 1:12:00]} 30. Rhe1
{[%clk 1:06:30]} Bc3 {[%clk 1:10:29]} 31. Rg1 {[%clk 1:05:00]} Ne2 {[%clk
1:10:29]} 32. Rg2 {[%clk 1:04:30]} a4 {[%clk 1:10:29]} 33. Rxe2 {[%clk 0:56:00]}
a3 {[%clk 1:10:29]} 34. Ka2 {[%clk 0:56:00]} Ra6 {[%clk 1:03:00]} 35. Ne7 {[%clk
0:55:30]} f5 {[%clk 0:57:00]} 36. Nd5 {[%clk 0:54:00]} Bb2 {[%clk 0:56:00]} 37.
Nxb4 {[%clk 0:51:00]} Re6 {[%clk 0:55:30]} 38. Bd4 {[%clk 0:50:00]} Rd6 {[%clk
0:54:59]} 39. Nd5 {[%clk 0:50:00]} fxe4 {[%clk 0:54:29]} 40. fxe4 {[%clk
0:51:00]} Bxd4 {[%clk 0:54:00]} 41. Rxd4 {[%clk 0:51:00]} 1-0

[Event "Campeonato España Sub 10"]
[Site "Salobreña"]
[Date "2017.07.08"]
[Round "9"]
[White "Andres Iniguez, Iker"]
[Black "Garcia Prada, Guillermo"]
[Result "1-0"]
[Board "8"]
[WhiteClock "1:30"]
[WhiteElo "1709"]
[WhiteCountry "ESP"]
[WhiteFideId "24580740"]
[WhiteEloChange "3"]
[BlackClock "1:30"]
[BlackElo "1401"]
[BlackCountry "ESP"]
[BlackFideId "24547131"]
[BlackEloChange "-3"]

1. d4 {[%clk 1:30:00]} Nf6 {[%clk 1:30:00]} 2. Nf3 {[%clk 1:29:29]} b6 {[%clk
1:30:00]} 3. e3 {[%clk 1:28:00]} e6 {[%clk 1:29:30]} 4. Bd3 {[%clk 1:27:00]} Bb7
{[%clk 1:28:59]} 5. O-O {[%clk 1:26:00]} d5 {[%clk 1:28:29]} 6. b3 {[%clk
1:23:00]} Bd6 {[%clk 1:29:00]} 7. Bb2 {[%clk 1:21:00]} O-O {[%clk 1:28:30]} 8.
Nbd2 {[%clk 1:18:00]} Ne4 {[%clk 1:27:00]} 9. Ne5 {[%clk 1:09:00]} f5 {[%clk
1:23:00]} 10. f4 {[%clk 1:03:00]} Nd7 {[%clk 1:19:00]} 11. Ndf3 {[%clk 1:00:00]}
Nxe5 {[%clk 1:17:00]} 12. Nxe5 {[%clk 0:59:29]} Bxe5 {[%clk 1:15:00]} 13. dxe5
{[%clk 0:58:00]} c5 {[%clk 1:13:00]} 14. c4 {[%clk 0:53:00]} dxc4 {[%clk
1:06:00]} 15. Bxc4 {[%clk 0:52:00]} Qxd1 {[%clk 1:05:29]} 16. Bxe6+ {[%clk
0:47:00]} Kh8 {[%clk 1:05:29]} 17. Raxd1 {[%clk 0:47:00]} Rae8 {[%clk 1:05:01]}
18. Bc4 {[%clk 0:46:28]} Bc6 {[%clk 1:02:00]} 19. a4 {[%clk 0:39:00]} h6 {[%clk
0:52:00]} 20. Bd5 {[%clk 0:35:00]} Bxd5 {[%clk 0:51:00]} 21. Rxd5 {[%clk
0:34:00]} Re7 {[%clk 0:50:00]} 22. Rfd1 {[%clk 0:33:00]} Rff7 {[%clk 0:48:00]}
23. h4 {[%clk 0:22:00]} Kh7 {[%clk 0:46:00]} 24. h5 {[%clk 0:21:30]} Kg8 {[%clk
0:42:00]} 25. Rd8+ {[%clk 0:21:00]} Kh7 {[%clk 0:42:00]} 26. Ra8 {[%clk 0:20:00]}
Re6 {[%clk 0:40:00]} 27. Rdd8 {[%clk 0:20:00]} 1-0

[Event "Campeonato España Sub 10"]
[Site "Salobreña"]
[Date "2017.07.08"]
[Round "9"]
[White "Villanueva Marquez, Santiago"]
[Black "Otero Campos, Sofia"]
[Result "0-1"]
[Board "9"]
[WhiteClock "1:30"]
[WhiteElo "1517"]
[WhiteCountry "ESP"]
[WhiteFideId "24560359"]
[WhiteEloChange "-18"]
[BlackClock "1:30"]
[BlackElo "1053"]
[BlackCountry "ESP"]
[BlackFideId "24560120"]
[BlackEloChange "18"]

1. c4 {[%clk 1:30:00]} c6 {[%clk 1:30:00]} 2. d4 {[%clk 1:29:00]} d5 {[%clk
1:29:30]} 3. e3 {[%clk 1:29:00]} Bf5 {[%clk 1:29:00]} 4. Nc3 {[%clk 1:26:00]} Nf6
{[%clk 1:27:00]} 5. Nf3 {[%clk 1:24:00]} e6 {[%clk 1:26:30]} 6. Bd2 {[%clk
1:23:00]} Be7 {[%clk 1:26:00]} 7. Rc1 {[%clk 1:22:00]} Nbd7 {[%clk 1:25:29]} 8.
Be2 {[%clk 1:21:00]} O-O {[%clk 1:25:00]} 9. O-O {[%clk 1:21:00]} h6 {[%clk
1:19:00]} 10. a3 {[%clk 1:19:00]} Rc8 {[%clk 1:15:00]} 11. Na2 {[%clk 1:14:00]}
Qb6 {[%clk 1:06:00]} 12. b4 {[%clk 1:10:00]} Ne4 {[%clk 1:00:00]} 13. c5 {[%clk
1:09:00]} Qd8 {[%clk 1:00:00]} 14. Nc3 {[%clk 1:08:30]} Nxd2 {[%clk 0:59:29]} 15.
Nxd2 {[%clk 1:06:00]} e5 {[%clk 0:55:00]} 16. dxe5 {[%clk 1:05:00]} Nxe5 {[%clk
0:55:00]} 17. Nf3 {[%clk 1:04:30]} Nxf3+ {[%clk 0:52:00]} 18. Bxf3 {[%clk
1:03:59]} b6 {[%clk 0:51:00]} 19. cxb6 {[%clk 1:02:00]} axb6 {[%clk 0:50:29]} 20.
Ne2 {[%clk 1:01:00]} Bf6 {[%clk 0:49:00]} 21. Ng3 {[%clk 1:00:00]} Bg6 {[%clk
0:48:00]} 22. Be2 {[%clk 0:57:00]} Bb2 {[%clk 0:46:00]} 23. f4 {[%clk 0:54:00]}
Bxc1 {[%clk 0:45:00]} 24. Qxc1 {[%clk 0:54:00]} f6 {[%clk 0:44:00]} 25. Bh5
{[%clk 0:54:00]} Bxh5 {[%clk 0:40:00]} 26. Nxh5 {[%clk 0:54:00]} Qe8 {[%clk
0:39:29]} 27. g4 {[%clk 0:52:30]} Qg6 {[%clk 0:39:00]} 28. h3 {[%clk 0:53:00]} f5
{[%clk 0:38:29]} 29. Qd1 {[%clk 0:53:00]} fxg4 {[%clk 0:38:00]} 30. hxg4 {[%clk
0:54:00]} Rfe8 {[%clk 0:35:00]} 31. f5 {[%clk 0:53:00]} Qg5 {[%clk 0:32:00]} 32.
Rf4 {[%clk 0:52:00]} Rxe3 {[%clk 0:31:00]} 33. Qd4 {[%clk 0:51:00]} Rce8 {[%clk
0:27:00]} 34. Qxb6 {[%clk 0:46:00]} Re1+ {[%clk 0:26:00]} 35. Kg2 {[%clk
0:46:00]} Qh4 {[%clk 0:25:00]} 36. Ng3 {[%clk 0:46:00]} R8e3 {[%clk 0:21:00]} 37.
Rf3 {[%clk 0:44:00]} Rg1+ {[%clk 0:16:47]} 38. Kxg1 {[%clk 0:43:00]} Rxf3 {[%clk
0:17:00]} 39. Qb8+ {[%clk 0:43:00]} Kh7 {[%clk 0:17:23]} 40. Kg2 {[%clk 0:43:00]}
Rxa3 {[%clk 0:14:45]} 41. Qd6 {[%clk 0:44:00]} Rxg3+ {[%clk 0:14:08]} 42. Qxg3
{[%clk 0:44:00]} Qxg3+ {[%clk 0:14:28]} 43. Kxg3 {[%clk 0:43:30]} Kg8 {[%clk
0:14:37]} 44. Kf4 {[%clk 0:43:30]} Kf7 {[%clk 0:14:53]} 45. Ke5 {[%clk 0:43:00]}
Ke7 {[%clk 0:15:10]} 46. Kd4 {[%clk 0:42:30]} Kd6 {[%clk 0:15:08]} 47. Kd3 {[%clk
0:42:00]} Ke5 {[%clk 0:15:35]} 48. Ke3 {[%clk 0:45:00]} d4+ {[%clk 0:15:55]} 49.
Kd3 {[%clk 0:45:00]} Kd5 {[%clk 0:16:19]} 50. Ke2 {[%clk 0:44:29]} Ke4 {[%clk
0:16:41]} 51. Kd2 {[%clk 0:46:00]} d3 {[%clk 0:16:59]} 52. Kd1 {[%clk 0:46:00]}
Ke3 {[%clk 0:17:17]} 53. Ke1 {[%clk 0:46:00]} d2+ {[%clk 0:17:28]} 54. Kd1 {[%clk
0:47:00]} Kd4 {[%clk 0:15:48]} 55. Kxd2 {[%clk 0:47:00]} Kc4 {[%clk 0:16:12]} 56.
Kc2 {[%clk 0:46:29]} Kxb4 {[%clk 0:16:35]} 57. Kb2 {[%clk 0:48:00]} c5 {[%clk
0:16:51]} 58. Kc2 {[%clk 0:48:00]} c4 {[%clk 0:16:54]} 59. Kb2 {[%clk 0:48:00]}
c3+ {[%clk 0:16:48]} 60. Kc2 {[%clk 0:49:00]} Kc4 {[%clk 0:17:01]} 61. Kd1 {[%clk
0:49:00]} Kd3 {[%clk 0:17:16]} 62. Kc1 {[%clk 0:50:00]} c2 {[%clk 0:17:16]} 0-1

[Event "Campeonato España Sub 10"]
[Site "Salobreña"]
[Date "2017.07.08"]
[Round "9"]
[White "Tudela Gonzalez, Victor"]
[Black "Aleksanyan Israilyan, Nicolas"]
[Result "1-0"]
[Board "11"]
[WhiteClock "n/a"]
[WhiteElo "1419"]
[WhiteCountry "ESP"]
[WhiteFideId "24528030"]
[WhiteEloChange "6"]
[BlackClock "n/a"]
[BlackElo "1257"]
[BlackCountry "ESP"]
[BlackFideId "54511291"]
[BlackEloChange "-6"]

1. e4 {[%clk 1:30:30]} e5 {[%clk 1:30:30]} 2. Nf3 {[%clk 1:30:02]} Nc6 {[%clk
1:29:57]} 3. d4 {[%clk 1:29:33]} exd4 {[%clk 1:29:27]} 4. Nxd4 {[%clk 1:28:03]}
Bc5 {[%clk 1:28:56]} 5. Nxc6 {[%clk 1:26:34]} Qf6 {[%clk 1:28:56]} 6. Qf3 Qxf3
{[%clk 1:28:56]} 7. gxf3 dxc6 {[%clk 1:28:56]} 8. Be3 Bxe3 {[%clk 1:28:56]} 9.
fxe3 Be6 {[%clk 1:28:56]} 10. Nd2 O-O-O {[%clk 1:28:56]} 11. O-O-O Nf6 {[%clk
1:28:56]} 12. Bc4 Bxc4 {[%clk 1:28:56]} 13. Nxc4 Rxd1+ {[%clk 1:28:56]} 14. Rxd1
Nd7 {[%clk 1:28:56]} 15. f4 Nb6 {[%clk 1:21:26]} 16. Ne5 f6 {[%clk 1:20:56]} 17.
Nf3 Rd8 {[%clk 1:20:56]} 18. Rg1 Rd7 {[%clk 1:20:56]} 19. b3 Kd8 {[%clk 1:20:56]}
20. e5 Nd5 {[%clk 1:20:56]} 21. Re1 fxe5 {[%clk 1:20:56]} 22. Nxe5 Re7 {[%clk
1:20:56]} 23. c4 Nb6 {[%clk 1:20:25]} 24. Kc2 Nd7 {[%clk 1:20:25]} 25. Rd1 Ke8
{[%clk 1:20:25]} 26. Rxd7 Rxd7 {[%clk 1:20:25]} 27. Nxd7 Kxd7 {[%clk 1:20:25]}
28. Kd3 g6 {[%clk 1:20:25]} 29. c5 b6 {[%clk 1:19:56]} 30. b4 Ke6 {[%clk
1:19:56]} 31. e4 h5 {[%clk 1:19:56]} 32. Kd4 b5 {[%clk 1:19:56]} 33. h4 a6 {[%clk
1:19:56]} 34. a3 Kf6 {[%clk 1:19:56]} 35. e5+ Kf5 {[%clk 1:19:25]} 36. Ke3 Ke6
{[%clk 1:19:25]} 37. Ke4 Ke7 {[%clk 1:19:25]} 38. f5 Kf7 {[%clk 1:19:25]} 39. Kf4
Kg7 {[%clk 1:19:25]} 40. Kg5 gxf5 {[%clk 1:19:25]} 41. Kxf5 Kf7 {[%clk 1:19:25]}
42. e6+ Ke7 {[%clk 1:19:25]} 43. Ke5 Ke8 {[%clk 1:19:25]} 44. Kf6 Kf8 {[%clk
1:19:25]} 45. e7+ Ke8 {[%clk 1:19:25]} 46. Ke6 a5 {[%clk 1:19:25]} 47. bxa5 b4
{[%clk 1:19:25]} 48. a6 bxa3 {[%clk 1:19:25]} 49. a7 a2 {[%clk 1:19:25]} 50. a8Q#
1-0

[Event "Campeonato España Sub 10"]
[Site "Salobreña"]
[Date "2017.07.08"]
[Round "9"]
[White "Cereijo Suarez, Nerea"]
[Black "Miro Arbelaes, Aleix"]
[Result "0-1"]
[Board "12"]
[WhiteClock "1:30"]
[WhiteElo "1288"]
[WhiteCountry "ESP"]
[WhiteFideId "24596124"]
[WhiteEloChange "-7"]
[BlackClock "1:30"]
[BlackElo "1404"]
[BlackCountry "ESP"]
[BlackFideId "24560545"]
[BlackEloChange "7"]

1. d4 {[%clk 1:30:00]} e6 {[%clk 1:29:00]} 2. c3 {[%clk 1:30:00]} d5 {[%clk
1:28:00]} 3. e3 {[%clk 1:29:30]} c5 {[%clk 1:26:00]} 4. f4 {[%clk 1:14:00]} Nc6
{[%clk 0:53:00]} 5. Nf3 {[%clk 1:14:00]} Qc7 {[%clk 0:53:00]} 6. Bd3 {[%clk
1:14:00]} Nf6 {[%clk 0:53:00]} 7. O-O {[%clk 1:14:00]} Bd6 {[%clk 0:52:00]} 8.
Ne5 {[%clk 1:14:00]} b6 {[%clk 0:52:00]} 9. b3 {[%clk 1:14:00]} Bb7 {[%clk
0:52:00]} 10. Bb2 {[%clk 1:14:00]} Ne4 {[%clk 0:52:00]} 11. Nd2 {[%clk 1:13:00]}
Ne7 {[%clk 0:52:00]} 12. Qc2 {[%clk 1:12:00]} Nxd2 {[%clk 0:51:29]} 13. Qxd2
{[%clk 1:10:00]} f6 {[%clk 0:49:57]} 14. Bb5+ Bc6 {[%clk 0:49:57]} 15. Nxc6 Nxc6
{[%clk 0:49:57]} 16. Bxc6+ Qxc6 {[%clk 0:49:57]} 17. Rf3 O-O-O {[%clk 0:49:57]}
18. a4 a5 {[%clk 0:49:57]} 19. dxc5 Bxc5 {[%clk 0:49:26]} 20. Ba3 e5 {[%clk
0:49:26]} 21. Bxc5 Qxc5 {[%clk 0:49:26]} 22. fxe5 fxe5 {[%clk 0:49:26]} 23. b4
Qc4 {[%clk 0:49:26]} 24. Qe1 Rd7 {[%clk 0:49:26]} 25. Qf1 Qxf1+ {[%clk 0:49:26]}
26. Rfxf1 Rc7 {[%clk 0:49:26]} 27. Rac1 Kb7 {[%clk 0:49:26]} 28. bxa5 bxa5 {[%clk
0:49:26]} 29. Rfd1 Rc5 {[%clk 0:49:26]} 30. Re1 Rhc8 {[%clk 0:49:26]} 31. c4 Rxc4
{[%clk 0:49:26]} 32. Rxc4 Rxc4 {[%clk 0:49:26]} 33. Rb1+ Rb4 {[%clk 0:49:26]} 34.
Ra1 Rb3 {[%clk 0:49:26]} 35. Kf2 Kb6 {[%clk 0:49:26]} 36. Rd1 Kc5 {[%clk
0:48:57]} 37. Rc1+ Kb4 {[%clk 0:48:57]} 38. Rc7 Kxa4 {[%clk 0:48:57]} 39. Rxg7
Kb4 {[%clk 0:48:57]} 40. Rxh7 a4 {[%clk 0:48:57]} 41. Rb7+ Kc3 {[%clk 0:48:26]}
42. Ra7 a3 {[%clk 0:48:26]} 43. h4 Kb2 {[%clk 0:48:26]} 44. h5 a2 {[%clk
0:48:26]} 45. h6 a1Q {[%clk 0:48:26]} 46. h7 Qxa7 {[%clk 0:48:26]} 47. h8Q Qxe3+
{[%clk 0:48:26]} 48. Kf1 Qf4+ {[%clk 0:48:26]} 49. Kg1 Kc2 {[%clk 0:48:26]} 50.
Qh7+ e4 {[%clk 0:48:26]} 51. g3 Qxg3+ {[%clk 0:48:26]} 52. Kf1 Rb1+ {[%clk
0:48:26]} 53. Ke2 Re1# {[%clk 0:48:26]} 0-1

[Event "Campeonato España Sub 10"]
[Site "Salobreña"]
[Date "2017.07.08"]
[Round "9"]
[White "Riezu Resano, Javier"]
[Black "Diaz Mino, Daniel"]
[Result "0-1"]
[Board "13"]
[WhiteClock "1:30"]
[WhiteElo "1201"]
[WhiteCountry "ESP"]
[WhiteFideId "24543551"]
[WhiteEloChange "-2"]
[BlackClock "1:30"]
[BlackElo "1645"]
[BlackCountry "ESP"]
[BlackFideId "24520462"]
[BlackEloChange "2"]

1. d4 {[%clk 1:30:00]} Nf6 {[%clk 1:30:00]} 2. Nf3 {[%clk 1:31:00]} g6 {[%clk
1:31:00]} 3. e3 {[%clk 1:30:32]} Bg7 {[%clk 1:31:00]} 4. c4 {[%clk 1:30:32]} d6
{[%clk 1:30:27]} 5. Nc3 {[%clk 1:30:32]} O-O {[%clk 1:30:27]} 6. b3 {[%clk
1:32:00]} Bg4 {[%clk 1:30:27]} 7. Be2 {[%clk 1:31:00]} Nbd7 {[%clk 1:30:27]} 8.
Bb2 {[%clk 1:30:30]} e5 {[%clk 1:29:57]} 9. Qc2 {[%clk 1:30:00]} Re8 {[%clk
1:07:00]} 10. Qd1 {[%clk 1:19:00]} exd4 {[%clk 1:07:00]} 11. Nxd4 {[%clk
1:18:00]} Bxe2 {[%clk 1:07:00]} 12. Ncxe2 {[%clk 1:18:00]} Ne4 {[%clk 1:07:00]}
13. O-O {[%clk 1:17:29]} c5 {[%clk 1:07:00]} 14. f3 {[%clk 1:19:00]} Ng5 {[%clk
1:07:00]} 15. h4 {[%clk 1:18:00]} Nxf3+ {[%clk 1:06:30]} 16. Rxf3 {[%clk
1:17:00]} cxd4 {[%clk 1:06:00]} 17. Bxd4 {[%clk 1:15:00]} Ne5 {[%clk 1:06:00]}
18. Rh3 {[%clk 1:14:00]} Bh6 {[%clk 1:05:00]} 19. Nc3 {[%clk 1:04:00]} Qd7 {[%clk
1:01:00]} 20. Nd5 {[%clk 1:03:00]} Bg7 {[%clk 0:55:00]} 21. Qe2 {[%clk 0:51:00]}
b6 {[%clk 0:55:00]} 22. Rf1 {[%clk 0:51:00]} Re6 {[%clk 0:55:00]} 23. Qd2 {[%clk
0:51:00]} 0-1

[Event "Campeonato España Sub 10"]
[Site "Salobreña"]
[Date "2017.07.08"]
[Round "9"]
[White "Herranz Suarez, David"]
[Black "Serrano Almendros, Angel"]
[Result "0-1"]
[Board "14"]
[WhiteClock "1:30"]
[WhiteElo "1502"]
[WhiteCountry "ESP"]
[WhiteFideId "24591211"]
[WhiteEloChange "-16"]
[BlackClock "1:30"]
[BlackElo "1269"]
[BlackCountry "ESP"]
[BlackFideId "24561584"]
[BlackEloChange "16"]

1. d4 {[%clk 1:30:00]} d5 {[%clk 1:28:00]} 2. Bf4 {[%clk 1:31:00]} Nf6 {[%clk
1:26:00]} 3. e3 {[%clk 1:30:30]} e6 {[%clk 1:24:00]} 4. Nf3 {[%clk 1:26:00]} Bd6
{[%clk 1:05:00]} 5. Bg3 b6 {[%clk 1:05:00]} 6. c4 O-O {[%clk 1:05:00]} 7. Nc3 Bb7
{[%clk 1:05:00]} 8. Be2 Qe7 {[%clk 1:05:00]} 9. O-O Nbd7 {[%clk 1:05:00]} 10. Ne5
Rfd8 {[%clk 1:05:00]} 11. Rc1 Rac8 {[%clk 1:05:00]} 12. Qb3 Bb4 {[%clk 1:05:00]}
13. Bf3 c6 {[%clk 1:05:00]} 14. a3 Bxc3 {[%clk 1:04:29]} 15. bxc3 Nxe5 {[%clk
1:04:29]} 16. Bxe5 Nd7 {[%clk 1:04:29]} 17. Bf4 Nf6 {[%clk 1:04:29]} 18. Ra1 Ba6
{[%clk 1:04:29]} 19. Be2 Ne4 {[%clk 1:04:29]} 20. Qa2 Nxc3 {[%clk 1:04:29]} 21.
Qd2 Nxe2+ {[%clk 1:04:29]} 22. Qxe2 Bxc4 {[%clk 1:04:29]} 23. Qc2 Bxf1 {[%clk
1:04:29]} 24. Kxf1 c5 {[%clk 1:04:29]} 25. Qd3 cxd4 {[%clk 1:04:29]} 26. exd4 Rc4
{[%clk 1:04:29]} 27. Rd1 Rdc8 {[%clk 1:04:29]} 28. Qg3 Rc3 {[%clk 1:04:29]} 29.
f3 Qxa3 {[%clk 1:04:29]} 30. Bh6 Qf8 {[%clk 1:04:29]} 31. h4 f6 {[%clk 1:04:29]}
32. Ra1 Qf7 {[%clk 1:04:29]} 33. Re1 Qg6 {[%clk 1:04:29]} 34. Qh3 gxh6 {[%clk
1:04:29]} 35. Qxe6+ Kg7 {[%clk 1:02:59]} 36. Qd7+ Kh8 {[%clk 1:02:59]} 37. Rd1
Rc1 {[%clk 1:02:59]} 38. Rxc1 Rxc1+ {[%clk 1:02:59]} 39. Kf2 Rc2+ {[%clk
1:02:59]} 40. Ke3 Rxg2 {[%clk 1:02:59]} 41. Qd8+ Kg7 {[%clk 1:02:59]} 42. Qd7+
Qf7 {[%clk 1:02:59]} 43. Qf5 Qe7+ {[%clk 1:02:59]} 44. Kf4 Qd6+ {[%clk 1:02:59]}
45. Ke3 Qa3+ {[%clk 1:02:59]} 46. Qd3 Qc1+ {[%clk 1:02:59]} 47. Qd2 Qxd2# {[%clk
1:02:59]} 0-1